| 000 | 00977cab a2200289 4500 | ||
|---|---|---|---|
| 001 | ABS54942 | ||
| 008 | 090401t1996 xxu||||| |||| 00| 0 eng d | ||
| 035 | _a(Sirsi) u13265 | ||
| 041 | _aeng | ||
| 100 | _aAmato, A. | ||
| 245 | _aEmbodied energy: a method of assessment | ||
| 260 | _c1996 | ||
| 350 | _a0 | ||
| 490 |
_aNew Steel Construction _v4(2) April/May 1996, 19-20(20) |
||
| 520 | _aLooks at a method of assessing the embodied energy in recylable and reusable materials in order to make decisions on what can be recycled or reused without consuming too much energy in the transformation or recyling process. | ||
| 650 | _aEMBODIED ENERGY | ||
| 650 | _aENERGY CONSUMTION | ||
| 650 | _aPRODUCT LIFE CYCLES | ||
| 650 | _aRECYLED MATERIALS | ||
| 650 | _aREUSABLE MATERIALS | ||
| 690 | _aENVIRONMENTAL AND LAND CONSULTANCY-ENERGY | ||
| 690 |
_aEnvironment _96238 |
||
| 700 | _aBrimacombe, L. | ||
| 700 | _aHoward, N. | ||
| 942 | _n0 | ||
| 948 | _c04/03/1997 | ||
| 999 |
_c8543 _d8543 |
||